[Event "Ride the Volga"]
[Site "SchemingMind.com"]
[Date "2009.08.15"]
[Round "-"]
[White "Bandit2"]
[Black "Kasker"]
[Result "1-0"]
[WhiteCountry "POL"]
[BlackCountry "POL"]
[WhiteElo "2087"]
[WhiteRD "120"]
[BlackElo "2183"]
[BlackRD "84"]
[GameID "215500"]

1. d4 Nf6 2. c4 c5 3. d5 b5 4. cxb5 a6 5. bxa6 Bxa6 6. g3 g6 7. b3 e6 8. Bb2 exd5 9. Bg2 Ra7 10. Bxd5 Bg7
11. Nh3 O-O 12. O-O Re8 13. Bf3 Nc6 14. Nf4 Nd4 15. Bxd4 cxd4 16. Qxd4 Qb8 17. Qd2 Ne4 18. Bxe4 Bxa1 19. Bf3 Bg7 20. Nc3 Qb4
21. Rc1 Rc7 22. Nfd5 Qd6 23. Kg2 Rc6 24. Ne4 Qe5 25. Rd1 Bf8 26. a4 f5 27. Nec3 Rd6 28. b4 Bc4 29. b5 Rc8 30. Qf4 Qxf4
31. gxf4 Rb8 32. b6 Bg7 33. a5 Bxc3 34. Nxc3 Rxd1 35. Nxd1 Kf7= 36. Ne3 Ba6 37. Nd5 Bc8 38. Nc7 Ke7 39. Bd5 Kd6 40. Kg3 Kc5
41. h4 Bb7 42. Bxb7 Rxb7 43. a6 Kxb6= 44. axb7 Kxc7 45. h5 Kxb7 46. hxg6 hxg6 47. Kh4 Kc6 48. Kg5 Kd5 49. Kxg6 Ke6 50. e4
1-0

[Event "Ride the Volga"]
[Site "SchemingMind.com"]
[Date "2009.08.15"]
[Round "-"]
[White "Bandit2"]
[Black "donimator"]
[Result "0-1"]
[WhiteCountry "POL"]
[BlackCountry "CAN"]
[WhiteElo "2069"]
[WhiteRD "130"]
[BlackElo "1815"]
[BlackRD "94"]
[GameID "215502"]

1. d4 Nf6 2. c4 c5 3. d5 b5 4. cxb5 a6 5. bxa6 Bxa6 6. g3 d6 7. Bg2 g6 8. b3 Bg7 9. Bb2 O-O 10. Nh3 Nbd7
11. O-O Qc7 12. Re1 Rfc8 13. Bc3 c4 14. b4 Ne5 15. a4 Rcb8 16. Na3 Bc8 17. Nb5 Qd8 18. f4 Ned7 19. Nd4 Qe8 20. Nc6 Rb7
21. e4 Nb8 22. b5 Nxc6 23. dxc6 Rc7 24. e5 Bg4
0-1

[Event "Ride the Volga"]
[Site "SchemingMind.com"]
[Date "2009.08.15"]
[Round "-"]
[White "Bandit2"]
[Black "jonjenson"]
[Result "1-0"]
[WhiteCountry "POL"]
[BlackCountry "ENG"]
[WhiteElo "2069"]
[WhiteRD "130"]
[BlackElo "1724"]
[BlackRD "104"]
[GameID "215503"]

1. d4 Nf6 2. c4 c5 3. d5 b5 4. cxb5 a6 5. bxa6 Bxa6 6. g3 d6 7. Bg2 g6 8. b3 Bg7 9. Bb2 Nbd7 10. Nh3 O-O
11. O-O Ra7 12. Re1 Qa8 13. Nf4 Nb6 14. e4 Bb7 15. a4 Rb8 16. Nd2 Bc8 17. e5 Nfxd5 18. a5 Rxa5 19. Bxd5 Nxd5 20. Rxa5 Qxa5
21. Nxd5 Be6 22. Nxe7+ Kh8 23. Nc6 Qc7 24. Nxb8 Qxb8 25. Ne4
1-0

[Event "Ride the Volga"]
[Site "SchemingMind.com"]
[Date "2009.08.15"]
[Round "-"]
[White "maro"]
[Black "Bandit2"]
[Result "0-1"]
[WhiteCountry "MEX"]
[BlackCountry "POL"]
[WhiteElo "1292"]
[WhiteRD "48"]
[BlackElo "1898"]
[BlackRD "219"]
[GameID "215506"]

1. d4 Nf6 2. c4 c5 3. d5 b5 4. cxb5 a6 5. Nc3 axb5 6. Nxb5 Ba6 7. e3 Bxb5 8. Bxb5 Qa5+ 9. Bd2 Qxb5 10. b3 Nxd5
11. Ne2 Nc6 12. O-O e6 13. a4 Qd3 14. Nf4 Nxf4 15. exf4 d5 16. b4 Nxb4 17. a5 Qc2 18. Qxc2 Nxc2 19. Rab1 Na3 20. Rb3 Nc4
21. Bc3 d4 22. Ba1 Nd2
0-1

[Event "Ride the Volga"]
[Site "SchemingMind.com"]
[Date "2009.08.15"]
[Round "-"]
[White "kiraly"]
[Black "Bandit2"]
[Result "1/2-1/2"]
[WhiteCountry "INT"]
[BlackCountry "POL"]
[WhiteElo "2369"]
[WhiteRD "79"]
[BlackElo "2069"]
[BlackRD "130"]
[GameID "215507"]

1. d4 Nf6 2. c4 c5 3. d5 b5 4. cxb5 a6 5. bxa6 g6 6. Nc3 Bxa6 7. e4 Bxf1 8. Kxf1 d6 9. g3 Bg7 10. Kg2 O-O
11. Nf3 Nbd7 12. Qe2 Nb6 13. a4 Ne8 14. Re1 Ra5 15. Qc2 Nc7 16. Bd2 Nc4 17. Bf4 Qa8 18. b3 Nb6 19. Rad1 Qb7 20. Qd2 Raa8
21. Bh6 Bxh6 22. Qxh6 f6 23. Ne2 Nd7 24. Nf4 Rf7 25. Ne6 Nf8 26. Nxc7 Qxc7 27. Nd2 Nd7 28. Qe3 Rff8 29. f4 Rfb8 30. Nc4 Nb6
31. Na3 Qb7 32. Rc1 Qa6 33. Qe2 c4 34. Nxc4 Nxc4 35. bxc4 Rb4 36. c5 dxc5 37. Rxc5 Qxa4 38. Qc2 Qa3 39. Re2 Rb2 40. Qxb2 Qxc5
41. Qc2 Qb5 42. Rf2 Qb4 43. Rf1 Ra3 44. Rf3 Rxf3 45. Kxf3 Qd4 46. Qb3 Kg7 47. Qe3=
1/2-1/2

[Event "Ride the Volga"]
[Site "SchemingMind.com"]
[Date "2009.08.15"]
[Round "-"]
[White "Kasker"]
[Black "Bandit2"]
[Result "1/2-1/2"]
[WhiteCountry "POL"]
[BlackCountry "POL"]
[WhiteElo "2183"]
[WhiteRD "84"]
[BlackElo "2087"]
[BlackRD "120"]
[GameID "215508"]

1. d4 Nf6 2. c4 c5 3. d5 b5 4. cxb5 a6 5. bxa6 g6 6. Nc3 Bxa6 7. e4 Bxf1 8. Kxf1 d6 9. g3 Bg7 10. Nf3 O-O
11. Kg2 Nbd7 12. Re1 Qb6 13. Re2 Rfb8 14. h3 Qa6 15. Bf4 Nh5 16. e5 Nxf4+ 17. gxf4 Rb4 18. Qc1 Bh6 19. Qe1 Bxf4 20. a3 Rb3
21. exd6 exd6 22. Re8+ Kg7 23. Re4 Be5 24. Ra4 Qb7 25. Rxa8 Qxa8 26. Nxe5 Nxe5 27. Qe2 Qb7 28. Ra2 Rxc3 29. bxc3 Qxd5+ 30. f3 Nxf3
31. c4 Nh4+ 32. Kh2 Qc6 33. a4 Nf3+ 34. Kg3 Nd4 35. Qg2 Qb6 36. Qb2 Qa5 37. Kf2 h5 38. Ra3 f5 39. Qc3 Qa8 40. a5 Qh1
41. a6 Qh2+ 42. Kf1 Qh1+ 43. Kf2 Qh2+ 44. Kf1 Qe2+ 45. Kg1 Qd1+ 46. Kf2 Qe2+ 47. Kg1 Qd1+ 48. Kf2 Qe2+ 49. Kg1
1/2-1/2

[Event "Ride the Volga"]
[Site "SchemingMind.com"]
[Date "2009.08.15"]
[Round "-"]
[White "donimator"]
[Black "Bandit2"]
[Result "1-0"]
[WhiteCountry "CAN"]
[BlackCountry "POL"]
[WhiteElo "1911"]
[WhiteRD "87"]
[BlackElo "2087"]
[BlackRD "120"]
[GameID "215510"]

1. d4 Nf6 2. c4 c5 3. d5 b5 4. cxb5 a6 5. bxa6 g6 6. Nc3 Bxa6 7. e4 Bxf1 8. Kxf1 d6 9. Nge2 Bg7 10. h3 O-O
11. Kg1 Nbd7 12. Kh2 Qb6 13. Rf1 Rfb8 14. Qc2 Ne5 15. f4 Nc4 16. Nd1 Qa6 17. a4 Na5 18. Rf3 Rb4 19. Ng3 h5 20. Bd2 h4
21. Bxb4 hxg3+ 22. Rxg3 cxb4 23. Rc1 b3 24. Qd3 Qxd3 25. Rxd3 Nxe4 26. Re3 f5 27. Rc7 Bf6 28. g4 Kf7 29. Re2 Ke8 30. gxf5 gxf5
31. Ne3 Kd8 32. Rc1 Nc5 33. Nxf5 Nd3 34. Rg1 Kd7 35. Rg7 Re8 36. Rf7 Nxf4 37. Nxe7 Nxe2 38. Nc6+ Kc8 39. Nxa5 Bxb2 40. Nc6 Bd4
41. Na7+ Bxa7 42. Rxa7
1-0

[Event "Ride the Volga"]
[Site "SchemingMind.com"]
[Date "2009.08.15"]
[Round "-"]
[White "jonjenson"]
[Black "Bandit2"]
[Result "0-1"]
[WhiteCountry "ENG"]
[BlackCountry "POL"]
[WhiteElo "1724"]
[WhiteRD "104"]
[BlackElo "2069"]
[BlackRD "130"]
[GameID "215511"]

1. d4 Nf6 2. c4 c5 3. d5 b5 4. cxb5 a6 5. bxa6 g6 6. Nc3 Bxa6 7. Nf3 d6 8. g3 Bg7 9. Bg2 Nbd7 10. O-O Nb6
11. Re1 O-O 12. e4 Nfd7 13. Qc2 Nc4 14. Bf1 Nde5 15. Nxe5 Nxe5 16. Bxa6 Nf3+ 17. Kf1 Nxe1 18. Kxe1 Rxa6 19. Kf1 Qb6 20. a4 Rfa8
21. Bd2 Bxc3 22. Bxc3 Rxa4 23. Rxa4 Qb5+ 24. Kg2 Rxa4 25. Qe2 Qxe2
0-1

[Event "Ride the Volga"]
[Site "SchemingMind.com"]
[Date "2009.08.12"]
[Round "-"]
[White "iamtherealtylerdurden"]
[Black "maro"]
[Result "1-0"]
[WhiteCountry "FRA"]
[BlackCountry "MEX"]
[WhiteElo "1638"]
[WhiteRD "217"]
[BlackElo "1292"]
[BlackRD "48"]
[GameID "215696"]

1. d4 Nf6 2. c4 c5 3. d5 b5 4. cxb5 Qa5+ 5. Nc3 Bb7 6. Bd2 d6 7. Nf3 Nxd5 8. Nxd5 Qd8 9. e4 e5 10. Bc4 a5
11. a4 Nd7 12. O-O Be7 13. Re1 O-O 14. Nxe7+ Qxe7 15. Bg5 Qe8 16. Qxd6 h6 17. Bxh6 gxh6 18. Qg6+
1-0

[Event "Ride the Volga"]
[Site "SchemingMind.com"]
[Date "2009.08.12"]
[Round "-"]
[White "iamtherealtylerdurden"]
[Black "kiraly"]
[Result "0-1"]
[WhiteCountry "FRA"]
[BlackCountry "INT"]
[WhiteElo "2043"]
[WhiteRD "124"]
[BlackElo "2369"]
[BlackRD "79"]
[GameID "215697"]

1. d4 Nf6 2. c4 c5 3. d5 b5 4. cxb5 a6 5. Nc3 axb5 6. Nxb5 Qa5+ 7. Nc3 e6 8. Bd2 Qb6 9. dxe6 fxe6 10. Rb1 d5
11. e3 Be7 12. Nf3 O-O 13. Be2 Ba6 14. O-O Nbd7 15. Bxa6 Qxa6 16. Qc2 Ne8 17. a3 Nd6 18. Rfd1 Rfb8 19. e4 d4 20. e5 d3
21. Qc1 Nf7 22. Bf4 c4 23. Ne4 Qb5 24. Nc3 Qc6 25. Nd4 Qc8 26. Re1 Qa6 27. Nd5 exd5 28. e6 Rb7 29. exf7+ Kxf7 30. Ne6 Rc8
31. Qe3 Nf6 32. Qh3 Qc6 33. Nd4 Qd7 34. Nf5 Re8 35. Be5 d2 36. Red1 Qe6 37. Bc3 Bxa3 38. Bxd2 Rb3 39. g3 Bxb2
0-1

[Event "Ride the Volga"]
[Site "SchemingMind.com"]
[Date "2009.08.12"]
[Round "-"]
[White "iamtherealtylerdurden"]
[Black "Kasker"]
[Result "1/2-1/2"]
[WhiteCountry "FRA"]
[BlackCountry "POL"]
[WhiteElo "2043"]
[WhiteRD "124"]
[BlackElo "2287"]
[BlackRD "83"]
[GameID "215698"]

1. d4 Nf6 2. c4 c5 3. d5 b5 4. cxb5 a6 5. bxa6 g6 6. Nc3 Bxa6 7. e4 Bxf1 8. Kxf1 d6 9. Nf3 Bg7 10. Bg5 Qb6
11. Qc2 Nbd7 12. g3 O-O 13. Kg2 Rfb8 14. Rab1 h6 15. Bc1 Ng4 16. h3 Nge5 17. Nxe5 Nxe5 18. b3 Qa5 19. a4 c4 20. Bd2 Qb4
21. Na2 cxb3 22. Nxb4 bxc2 23. Nxc2 Rc8 24. Nb4 Rxa4 25. Rhc1 Rb8 26. Nc6 Rxb1 27. Rxb1 Rxe4 28. Nxe7+ Kh7 29. Rb7 Re2 30. Bf4 Nd3
31. Be3 Rb2 32. Rxb2 Nxb2 33. Kf3 Nc4 34. g4 Bf8 35. Nc8 f5 36. gxf5 gxf5 37. Ke2 Kg6 38. Bd4 Kg5 39. Kd3 Na5 40. Bb6 Nb7
41. Na7 Kf4 42. Nb5 Bg7 43. Nd4 Bxd4 44. Kxd4 h5 45. Kc4 Ke4 46. h4= f4 47. Bc7 f3 48. Bb6 Ke5 49. Bd4+ Ke4 50. Bb6 Ke5
51. Bd4+ Kf4 52. Kd3 Nd8 53. Bf6 Nf7 54. Kd4 Kf5 55. Be7 Kf4 56. Bf6 Kf5 57. Be7 Kf4 58. Bf6=
1/2-1/2

[Event "Ride the Volga"]
[Site "SchemingMind.com"]
[Date "2009.08.12"]
[Round "-"]
[White "iamtherealtylerdurden"]
[Black "donimator"]
[Result "1-0"]
[WhiteCountry "FRA"]
[BlackCountry "CAN"]
[WhiteElo "2043"]
[WhiteRD "124"]
[BlackElo "1815"]
[BlackRD "94"]
[GameID "215699"]

1. d4 Nf6 2. c4 c5 3. d5 b5 4. e3 bxc4 5. Bxc4 e6 6. dxe6 fxe6 7. Nc3 d5 8. Bb5+ Nbd7 9. Nf3 Be7 10. O-O O-O
11. Qc2 a6 12. Be2 Qb6 13. Rd1 Bb7 14. b3 Rac8 15. Bb2 c4 16. bxc4 dxc4 17. Ng5 Ne5 18. Nd5 exd5 19. Bxe5 g6 20. Rab1 Qc6
21. Bd4 Nd7 22. h4 Bxg5 23. hxg5 Rce8 24. Ba1 Ba8 25. Qc3 Ne5 26. Qd4 Re7 27. f4 Nd7 28. Bg4 Qd6 29. Bxd7 Rxd7 30. Qh8+ Kf7
31. Qxh7+ Ke8 32. Bg7 Rxg7 33. Qxg7 Rf7 34. Qh8+ Rf8 35. Qd4 Kd7 36. Rb6 Qa3 37. Rxg6
1-0

[Event "Ride the Volga"]
[Site "SchemingMind.com"]
[Date "2009.08.15"]
[Round "-"]
[White "iamtherealtylerdurden"]
[Black "jonjenson"]
[Result "1-0"]
[WhiteCountry "FRA"]
[BlackCountry "ENG"]
[WhiteElo "2043"]
[WhiteRD "124"]
[BlackElo "1724"]
[BlackRD "104"]
[GameID "215700"]

1. d4 Nf6 2. c4 c5 3. d5 b5 4. cxb5 a6 5. bxa6 g6 6. Nc3 Bxa6 7. Nf3 d6 8. g3 Bg7 9. Bg2 O-O 10. O-O Nbd7
11. Re1 Nb6 12. e4 Nfd7 13. Bg5 Ra7 14. Qc2 Re8 15. b3 Qc7 16. Rac1 h6 17. Bd2 Rea8 18. a4 Qb8 19. Rb1 Qf8 20. a5 Ne5
21. Nxe5 Bxe5 22. axb6 Rb7 23. Na4 h5 24. b4 Bb5 25. Nc3 Bxc3 26. Bxc3 c4 27. Bd4 Rc8 28. Ra1
1-0

[Event "Ride the Volga"]
[Site "SchemingMind.com"]
[Date "2009.08.15"]
[Round "-"]
[White "iamtherealtylerdurden"]
[Black "Bandit2"]
[Result "1/2-1/2"]
[WhiteCountry "FRA"]
[BlackCountry "POL"]
[WhiteElo "2043"]
[WhiteRD "124"]
[BlackElo "2069"]
[BlackRD "130"]
[GameID "215701"]

1. d4 Nf6 2. c4 c5 3. d5 b5 4. cxb5 a6 5. bxa6 g6 6. Nc3 Bxa6 7. Nf3 d6 8. e4 Bxf1 9. Kxf1 Bg7 10. g3 O-O
11. Kg2 Nbd7 12. Bg5 Ng4 13. Re1 Nge5 14. Nxe5 Nxe5 15. f4 Nc4 16. Qb3 Na5 17. Qc2 h6 18. Bh4 Qd7 19. Qe2 Rfb8 20. Rac1 Rb4
21. b3 c4 22. bxc4 Nxc4 23. Nd1 Raa4 24. Kh1 Bd4 25. g4 Nb2 26. Rc2 Rxa2 27. Rf1 Qb7 28. Be1 Rb3 29. Bc3 Nxd1 30. Bxd4 Rxc2
31. Qxc2 Ne3 32. Qc6 Qb8 33. Rg1 Kh7 34. Qa4 Rb4 35. Qa7 Qxa7 36. Bxa7 Nc4 37. Re1 Nd2 38. e5 Nf3 39. Rf1 Nd4 40. Re1 Kg7
41. exd6 exd6 42. Re4 Rb1+ 43. Kg2 Nb5 44. Bd4+ Nxd4 45. Rxd4 Rb2+ 46. Kg3 Rb3+ 47. Kg2 Kf6 48. h3 g5 49. fxg5+ Kxg5 50. Re4 Rd3
51. Re7 Kf6 52. Re8 Rxd5 53. h4 Rd3 54. Rh8 Kg7 55. Rd8 d5 56. Rd6 d4 57. h5 Rd1 58. Kf3 d3 59. Ke3 d2 60. Rxd2=
1/2-1/2

[Event "Ride the Volga"]
[Site "SchemingMind.com"]
[Date "2009.08.12"]
[Round "-"]
[White "maro"]
[Black "iamtherealtylerdurden"]
[Result "0-1"]
[WhiteCountry "MEX"]
[BlackCountry "FRA"]
[WhiteElo "1292"]
[WhiteRD "48"]
[BlackElo "1638"]
[BlackRD "217"]
[GameID "215704"]

1. d4 Nf6 2. c4 c5 3. d5 b5 4. cxb5 e6 5. dxe6 fxe6 6. e4 Nxe4 7. Qh5+ g6 8. Qe5 Nf6 9. Bg5 Bg7 10. Qxc5 Ne4
11. Bxd8 Nxc5 12. Nc3 Kxd8 13. Bc4 Bb7 14. f3 Bxc3+ 15. bxc3 a6 16. b6 d5 17. Be2 Nbd7 18. Rb1 Rc8 19. Bxa6 Bxa6 20. b7 Nxb7
0-1

[Event "Ride the Volga"]
[Site "SchemingMind.com"]
[Date "2009.08.12"]
[Round "-"]
[White "kiraly"]
[Black "iamtherealtylerdurden"]
[Result "1-0"]
[WhiteCountry "INT"]
[BlackCountry "FRA"]
[WhiteElo "2364"]
[WhiteRD "84"]
[BlackElo "1638"]
[BlackRD "217"]
[GameID "215705"]

1. d4 Nf6 2. c4 c5 3. d5 b5 4. cxb5 e6 5. Nc3 exd5 6. Nxd5 Bb7 7. Nxf6+ Qxf6 8. Qb3 d5 9. Nf3 Bd6 10. Qe3+ Qe6
11. Qxe6+ fxe6 12. a4 O-O 13. e3 Nd7 14. Bd2 c4 15. Be2 Nc5 16. Bc3 Rae8 17. O-O e5 18. h3 Ne4 19. a5 Nxc3 20. bxc3 Bc5
21. Rad1 Rf6 22. e4 dxe4 23. Bxc4+ Kh8 24. Ng5 e3 25. Nf7+ Rxf7 26. Bxf7 exf2+ 27. Kh2 Rf8 28. Bd5 Bc8 29. Rd2 g6 30. g3 Kg7
31. Kg2 h5 32. Rb2 Rf6 33. c4
1-0

[Event "Ride the Volga"]
[Site "SchemingMind.com"]
[Date "2009.08.12"]
[Round "-"]
[White "Kasker"]
[Black "iamtherealtylerdurden"]
[Result "1-0"]
[WhiteCountry "POL"]
[BlackCountry "FRA"]
[WhiteElo "2284"]
[WhiteRD "81"]
[BlackElo "1638"]
[BlackRD "217"]
[GameID "215706"]

1. d4 Nf6 2. c4 c5 3. d5 b5 4. cxb5 e6 5. dxe6 fxe6 6. Nc3 Be7 7. e4 Bb7 8. e5 Nd5 9. Qg4 O-O 10. Bd3 Qc7
11. Qh5 h6 12. Bxh6
1-0

[Event "Ride the Volga"]
[Site "SchemingMind.com"]
[Date "2009.08.13"]
[Round "-"]
[White "donimator"]
[Black "iamtherealtylerdurden"]
[Result "0-1"]
[WhiteCountry "CAN"]
[BlackCountry "FRA"]
[WhiteElo "1815"]
[WhiteRD "94"]
[BlackElo "2043"]
[BlackRD "124"]
[GameID "215707"]

1. d4 Nf6 2. c4 c5 3. d5 b5 4. cxb5 Qa5+ 5. Nc3 Bb7 6. Bd2 Qb6 7. e4 d6 8. a4 e5 9. a5 Qd8 10. Bd3 Be7
11. Nf3 O-O 12. O-O Nbd7 13. h3 Ne8 14. a6 Bc8 15. Qe2 Nb6 16. Rfe1 f5 17. exf5 Bxf5 18. Nxe5 dxe5 19. Qxe5 Bd6 20. Qe2 Nc7
21. Rad1 Qh4 22. Be3 Rae8 23. Qc2 Bxd3 24. Qxd3 Nc4 25. Kh1 Nxb2 26. Qe2 Nxd1 27. Qxd1 Qb4 28. Qd3 Nxb5
0-1

[Event "Ride the Volga"]
[Site "SchemingMind.com"]
[Date "2009.08.16"]
[Round "-"]
[White "jonjenson"]
[Black "iamtherealtylerdurden"]
[Result "0-1"]
[WhiteCountry "ENG"]
[BlackCountry "FRA"]
[WhiteElo "1724"]
[WhiteRD "104"]
[BlackElo "2043"]
[BlackRD "124"]
[GameID "215708"]

1. d4 Nf6 2. c4 c5 3. d5 b5 4. cxb5 a6 5. bxa6 Bxa6 6. Nc3 e5 7. g3 d6 8. Bg2 Be7 9. Nf3 O-O 10. O-O Nfd7
11. Re1 f5 12. e3 e4 13. Nd2 Ne5 14. Bf1 Nd3 15. Bxd3 Bxd3 16. b3 Na6 17. Nc4 Nb4 18. Nb2 Bc2 19. Qd2 Bxb3 20. axb3 Rxa1
21. Nba4 Nd3 22. Rd1 Qb8 23. Qc2 Rxc1 24. Rxc1 Nxc1 25. Qxc1 Qxb3 26. Nb2 Rb8 27. Nbd1 Bf6 28. Ne2 Ra8 29. Ndc3 Ra3
0-1

[Event "Ride the Volga"]
[Site "SchemingMind.com"]
[Date "2009.08.16"]
[Round "-"]
[White "Bandit2"]
[Black "iamtherealtylerdurden"]
[Result "1-0"]
[WhiteCountry "POL"]
[BlackCountry "FRA"]
[WhiteElo "2069"]
[WhiteRD "130"]
[BlackElo "2043"]
[BlackRD "124"]
[GameID "215709"]

1. d4 Nf6 2. c4 c5 3. d5 b5 4. cxb5 a6 5. bxa6 Bxa6 6. g3 e5 7. Nc3 d6 8. Nf3 Be7 9. e4 O-O 10. Bxa6 Nxa6
11. O-O Rb8 12. Nd2 Nc7 13. Qe2 Nd7 14. Nc4 f5 15. exf5 Rxf5 16. a4 Nb6 17. Ne3 Rf7 18. a5 Nc8 19. Nc4 Qd7 20. Bd2 Na7
21. Qd3 Nab5 22. a6 Nd4 23. a7 Rbf8 24. f4 Qh3 25. Ne2 exf4 26. Nxf4 Qg4 27. b4 g5 28. h3 Qc8 29. Nb6 Qb7 30. bxc5 dxc5
31. Nd7 gxf4 32. Bxf4 Rc8 33. Qe4 Na8 34. Ne5 Rf6 35. Ng4
1-0

[Event "Ride the Volga"]
[Site "SchemingMind.com"]
[Date "2009.08.17"]
[Round "-"]
[White "MOIMOI"]
[Black "maro"]
[Result "1-0"]
[WhiteCountry "POL"]
[BlackCountry "MEX"]
[WhiteElo "1707"]
[WhiteRD "191"]
[BlackElo "1292"]
[BlackRD "48"]
[GameID "216301"]

1. d4 Nf6 2. c4 c5 3. d5 b5 4. b3 Qa5+ 5. Bd2 b4 6. Bf4 d6 7. f3 e5 8. dxe6 Bxe6 9. Bxd6 Qd8 10. Bxf8 Qxd1+
11. Kxd1 Rxf8 12. e4 Rh8 13. Bd3 Nbd7 14. Ne2 Ne5 15. Kc2 Ke7 16. h4 Rhd8 17. Rd1 Rd7 18. a3 Rc8 19. Nf4 a5 20. Nd2 g5
21. hxg5 Ng8 22. Nd5+ Bxd5 23. exd5 h6 24. gxh6 Nxh6 25. Rh1 Nxd3 26. Kxd3 Nf5 27. axb4 axb4 28. Rae1+ Kf6 29. Ne4+ Kg6 30. f4 Ng3
31. Nxg3
1-0

[Event "Ride the Volga"]
[Site "SchemingMind.com"]
[Date "2009.08.19"]
[Round "-"]
[White "MOIMOI"]
[Black "kiraly"]
[Result "0-1"]
[WhiteCountry "POL"]
[BlackCountry "INT"]
[WhiteElo "1538"]
[WhiteRD "96"]
[BlackElo "2369"]
[BlackRD "79"]
[GameID "216302"]

1. d4 Nf6 2. c4 c5 3. d5 b5 4. cxb5 a6 5. Nc3 axb5 6. Nxb5 e6 7. dxe6 Qa5+ 8. Nc3 fxe6 9. e3 Be7 10. Be2 O-O
11. Nh3 Nc6 12. f4 d5 13. O-O Rb8 14. Bf3 Rd8 15. Qa4 Qb6 16. Nf2 Bd7 17. Qc2 d4 18. Nce4 Nd5 19. Ng3 Nxe3 20. Bxe3 dxe3
21. Ng4 Nd4 22. Qb1 c4 23. Be4 e2 24. Rf2 Qxb2 25. Bxh7+ Kh8 26. Qxb2 Rxb2 27. Be4 Rxa2 28. Re1 Bb4 29. Rfxe2 Nxe2+ 30. Rxe2 Rxe2
31. Nxe2 Bc6 32. Bxc6 Bc5+ 33. Nd4 c3 34. Ne5 Rxd4 35. Kf1 c2
0-1

[Event "Ride the Volga"]
[Site "SchemingMind.com"]
[Date "2009.08.17"]
[Round "-"]
[White "MOIMOI"]
[Black "Kasker"]
[Result "0-1"]
[WhiteCountry "POL"]
[BlackCountry "POL"]
[WhiteElo "1707"]
[WhiteRD "191"]
[BlackElo "2284"]
[BlackRD "81"]
[GameID "216303"]

1. d4 Nf6 2. c4 c5 3. d5 b5 4. cxb5 a6 5. Nc3 axb5 6. Nxb5 e6 7. d6 Qa5+ 8. Nc3 Qb6 9. f3 Bxd6 10. e4 Be5
11. Nge2 Ba6 12. Rb1 Nc6 13. Na4 Qa5+ 14. Bd2 Bxe2 15. Bxa5 Bxd1 16. Rxd1 Rxa5 17. b3 O-O 18. Bd3 Bd4 19. g4 d5 20. a3 Rb8
21. Rb1 dxe4 22. Bxe4 Nxe4 23. fxe4 Rxa4
0-1

[Event "Ride the Volga"]
[Site "SchemingMind.com"]
[Date "2009.08.22"]
[Round "-"]
[White "MOIMOI"]
[Black "donimator"]
[Result "1/2-1/2"]
[WhiteCountry "POL"]
[BlackCountry "CAN"]
[WhiteElo "1538"]
[WhiteRD "96"]
[BlackElo "1815"]
[BlackRD "94"]
[GameID "216304"]

1. d4 Nf6 2. c4 c5 3. d5 b5 4. cxb5 a6 5. Nc3 axb5 6. Nxb5 e6 7. dxe6 fxe6 8. e3 Ba6 9. a4 d5 10. Bd2 Be7
11. Be2 O-O 12. Bc3 Ne4 13. Nf3 Nc6 14. O-O Nxc3 15. bxc3 Bf6 16. Qc2 Qe7 17. Bd3 g6 18. Rae1 Bg7 19. h4 Rxf3 20. gxf3 Qxh4
21. f4 Qg4+ 22. Kh2 Qh4+=
1/2-1/2

[Event "Ride the Volga"]
[Site "SchemingMind.com"]
[Date "2009.08.18"]
[Round "-"]
[White "MOIMOI"]
[Black "jonjenson"]
[Result "0-1"]
[WhiteCountry "POL"]
[BlackCountry "ENG"]
[WhiteElo "1538"]
[WhiteRD "96"]
[BlackElo "1724"]
[BlackRD "104"]
[GameID "216305"]

1. d4 Nf6 2. c4 c5 3. d5 b5 4. cxb5 a6 5. Nc3 d6 6. h3 g6 7. e4 Bg7 8. Qb3 O-O 9. b6 Bb7 10. a4 a5
11. Nb5 Qxb6 12. Qe3 Na6 13. Ne2 Nb4 14. Na3 Ba6 15. g3 Nd3+ 16. Kd2 Qb4+ 17. Kc2 Nxe4 18. Rb1 Nexf2 19. Bg2 Nxh1 20. Bxh1 Nxc1
21. Nxc1 Qxa4+ 22. Nb3 c4 23. Be4 cxb3+ 24. Kc1 Bh6 25. Qxh6 Qxe4
0-1

[Event "Ride the Volga"]
[Site "SchemingMind.com"]
[Date "2009.08.22"]
[Round "-"]
[White "MOIMOI"]
[Black "Bandit2"]
[Result "0-1"]
[WhiteCountry "POL"]
[BlackCountry "POL"]
[WhiteElo "1538"]
[WhiteRD "96"]
[BlackElo "2069"]
[BlackRD "130"]
[GameID "216306"]

1. d4 Nf6 2. c4 c5 3. d5 b5 4. cxb5 a6 5. Nc3 axb5 6. Nxb5 Ba6 7. Nc3 g6 8. g3 d6 9. Bg2 Bg7 10. Nf3 Nbd7
11. O-O Nb6 12. Ng5 O-O 13. Be4 h6 14. Nf3 Bb7 15. b3 Nxe4 16. Nxe4 Bxa1 17. Bxh6 Bg7 18. Qd2 Bxd5 19. Bxg7 Kxg7 20. Qf4 e5
21. Qe3 Bxe4 22. Qxe4 Rxa2 23. Rd1 Qc7 24. Ng5 d5 25. Qh4 Rh8 26. Qg4 c4 27. bxc4 Qxc4 28. Qf3 d4 29. e3 d3 30. Qe4 Qxe4
31. Nxe4 Nc4 32. Rxd3 Rb8
0-1

[Event "Ride the Volga"]
[Site "SchemingMind.com"]
[Date "2009.08.18"]
[Round "-"]
[White "MOIMOI"]
[Black "iamtherealtylerdurden"]
[Result "0-1"]
[WhiteCountry "POL"]
[BlackCountry "FRA"]
[WhiteElo "1538"]
[WhiteRD "96"]
[BlackElo "2043"]
[BlackRD "124"]
[GameID "216309"]

1. d4 Nf6 2. c4 c5 3. d5 b5 4. cxb5 Qa5+ 5. Nc3 a6 6. bxa6 Bxa6 7. g3 Bb7 8. Bg2 e6 9. e4 Na6 10. a3 exd5
11. exd5 Nc7 12. Bd2 Qb6 13. Na4 Qa6 14. Qe2+ Qxe2+ 15. Nxe2 Rxa4 16. O-O Nfxd5 17. Rfe1 Be7 18. Rad1 O-O 19. Nf4 Bf6 20. Bc1 Nxf4
21. Bxf4 Bxg2 22. Kxg2 Ne6 23. Bc1 Rd4 24. Rxd4 Bxd4 25. b4 c4 26. a4 Ra8 27. a5 Bc3 28. Re4 d5 29. Re3 Bxb4 30. Re5 Rxa5
31. f4 d4 32. Re4 c3 33. Kf3 g6 34. h4 Ra1 35. Re1 c2 36. Rf1 d3 37. Kf2 d2
0-1

[Event "Ride the Volga"]
[Site "SchemingMind.com"]
[Date "2009.08.18"]
[Round "-"]
[White "maro"]
[Black "MOIMOI"]
[Result "0-1"]
[WhiteCountry "MEX"]
[BlackCountry "POL"]
[WhiteElo "1292"]
[WhiteRD "48"]
[BlackElo "1707"]
[BlackRD "191"]
[GameID "216310"]

1. d4 Nf6 2. c4 c5 3. d5 b5 4. cxb5 Qb6 5. Nc3 a6 6. Qa4 Bb7 7. bxa6 Nxa6 8. a3 Nb4 9. Qb3 Nd3+ 10. exd3 Qxb3
11. Nge2 Bxd5 12. Nf4 e6 13. Be2 Bxg2 14. Nxg2 c4 15. dxc4 Bxa3 16. bxa3 Qxc3+ 17. Bd2 Qxa1+ 18. Bd1 Ne4 19. O-O Nxd2
0-1

[Event "Ride the Volga"]
[Site "SchemingMind.com"]
[Date "2009.08.19"]
[Round "-"]
[White "kiraly"]
[Black "MOIMOI"]
[Result "1-0"]
[WhiteCountry "INT"]
[BlackCountry "POL"]
[WhiteElo "2364"]
[WhiteRD "84"]
[BlackElo "1707"]
[BlackRD "191"]
[GameID "216311"]

1. d4 Nf6 2. c4 c5 3. d5 b5 4. cxb5 Qb6 5. Nc3 g6 6. e4 d6 7. Nf3 h6 8. e5 dxe5 9. Nxe5 Nbd7 10. Nc6 Qc7
11. Be2 a6 12. O-O Ne5 13. b6 Qxb6 14. Nxe5 Bg7 15. Qa4+ Bd7 16. Nxd7 Nxd7 17. Bb5 Rd8 18. Qxa6 Qxa6 19. Bxa6 O-O 20. a4 Rb8
21. Re1 Ne5 22. Bf4 f6 23. Bb5 Nd3 24. Bxd3 f5 25. Bxb8
1-0

[Event "Ride the Volga"]
[Site "SchemingMind.com"]
[Date "2009.08.17"]
[Round "-"]
[White "Kasker"]
[Black "MOIMOI"]
[Result "1-0"]
[WhiteCountry "POL"]
[BlackCountry "POL"]
[WhiteElo "2284"]
[WhiteRD "81"]
[BlackElo "1707"]
[BlackRD "191"]
[GameID "216312"]

1. d4 Nf6 2. c4 c5 3. d5 b5 4. cxb5 Qb6 5. Nc3 a6 6. bxa6 Nxa6 7. Nf3 d6 8. e4 Bg4 9. Bb5+ Bd7 10. Bxd7+ Nxd7
11. O-O h6 12. b3 g6 13. Na4 Qb7 14. Bb2 f6 15. Nd2 Ne5 16. Qe2 h5 17. f4 Nf7 18. e5 dxe5 19. fxe5 fxe5 20. Bxe5 Rh7
21. Nc4 Qb4 22. Nab6 Ra7 23. Qe4 e6 24. Bg7 e5 25. Qxe5+ Be7 26. Nd6+ Kd8 27. Nxf7+ Ke8 28. Qe6 Qg4 29. Nd6+ Kd8 30. Nf5 Rh8
31. Qc8#
1-0